Videoenciclopedia: (Registro nro. 14223)

Detalles MARC
000 -LIDER
fixed length control field 00805nam a22002775 4500
001 - NÚMERO DE CONTROL
Identificador de número de control bimo0000420716
003 - IDENTIFICACDOR DE NÚMERO DE CONTROL
control field DO-SdBNP
005 - DATE AND TIME OF LATEST TRANSACTION
control field 20220624111226.0
008 - ELEMENTOS DE LONGITUD FIJA
fixed length control field 941031s19uu sp a 000 0 spa
020 ## - ISBN
International Standard Book Number 8477588503
040 ## - FUENTE DE CATALOGACIÓN
Agencia que crea de manera original el registro BPMSU
Idioma de catalogación spa
Agencia que realiza la transcripción BPMSU
082 ## - NÚMERO DE CLASIFICACIÓN DECIMAL DE DEWEY
Classification number R549
Item number M521v
Edition number 22
100 1# - ASIENTO PRINCIPAL -- NOMBRE PERSONAL
Nombre personal Melgarejo, Juan Carlos
245 10 - MENCIÓN DE TITULO
Título Videoenciclopedia:
Subtítulo muy interesante /
Mención de responsabilidad Juan Carlos Melgarejo ; ilustración José Tola ... [et al.]
246 13 - VARIACION DEL TÍTULO
Título propiamente dicho o título corto Mineralogía I
260 ## - PUBLICACIÓN, DISTRIBUCIÓN, ETC. (PIE DE IMPRENTA)
Lugar de publicación, distribución, etc Madrid :
Nombre del editor, distribuidor, etc. Club Internacional,
Fecha de publicación, distribución, etc [199'?]
300 ## - DESCRIPCIÓN FÍSICA
Extensión v. ;
Dimensiones 32 cm
Otros detalles físicos
500 ## - NOTA GENERAL
Nota general Incluye índices
590 ## - NOTA LOCAL
Enlace Inventariado, 2022/VM
650 #4 - ENCABEZAMIENTO DE MATERIA--TEMÁTICO
Término temático o nombre geográfico como elemento de entrada Mineralogía
Subdivisión de forma Atlas.
650 #4 - ENCABEZAMIENTO DE MATERIA--TEMÁTICO
Término temático o nombre geográfico como elemento de entrada Enciclopedias
700 1# - ASIENTO SECUNDARIO -- NOMBRE PERSONAL
Nombre personal Tola, José
Fechas asociadas con el nombre 1947-
Mención de responsabilidad ilustraciones
910 ## - VALIDACIÓN
Validación VMateo V.
942 ## - ADDED ENTRY ELEMENTS (KOHA)
Source of classification or shelving scheme Dewey Decimal Classification
Koha item type Libros
956 ## - LOCAL ELECTRONIC LOCATION AND ACCESS (OCLC)
Nombre de host 2
Existencias
Withdrawn status Lost status Source of classification or shelving scheme Damaged status Not for loan Collection code Home library Current library Date acquired Source of acquisition Total Checkouts Full call number Barcode Date last seen Price effective from Koha item type
    Dewey Decimal Classification     Colección de Referencia General Biblioteca Pública Metropolitana Salomé Ureña Biblioteca Pública Metropolitana Salomé Ureña 06/07/2022 FUNDI   BPMSU CGR R549 M521v BPMSU22060020 06/07/2022 06/07/2022 Libros